000 00673nam a2200241Ia 4500
003 OSt
005 20220928112518.0
006 a|||||r|||| 00| 0
007 ta
008 220927b |||||||| |||| 00| 0 eng d
024 _a123122
037 _bGift, 20/02/2014,
_cTextual
040 _aSDCL
_cSDCL
_beng
041 _2eng
_aeng
082 _aB313N, P0
100 _aConway John B
_9428433
245 0 _aCourse in operator theory
260 _aRhode
_bIsland American Mathematical Society
_c2013
300 _aix;372p
_ccm.
650 _aGift
_9391569
942 _hB313N, P0
_cTEXL
_2CC
999 _c745024
_d745024